Lulu (Record no. 170228)

MARC details
000 -LEADER
campo de control de longitud fija 00968nam a2200265 i 4500
001 - NÚMERO DE CONTROL
campo de control 170228
003 - IDENTIFICADOR DE NÚMERO DE CONTROL
campo de control ES-MaACL
005 - FECHA Y HORA DE LA ÚLTIMA TRANSACCIÓN
campo de control 20250524063100.0
008 - DATOS DE LONGITUD FIJA--INFORMACIÓN GENERAL
campo de control de longitud fija 090213s1979 fr |||| | fre d
080 ## - NÚMERO DE LA CLASIFICACIÓN DECIMAL UNIVERSAL
Número de la Clasificación Decimal Universal 782.1
080 ## - NÚMERO DE LA CLASIFICACIÓN DECIMAL UNIVERSAL
Número de la Clasificación Decimal Universal 792.026
100 1# - ENTRADA PRINCIPAL--NOMBRE DE PERSONA
Nombre de persona Berg, Alban,
Fechas asociadas al nombre 1885-1935
9 (RLIN) 240618
245 10 - MENCIÓN DEL TÍTULO
Título Lulu
Resto del título : opéra en trois actes : livret bilingue /
Mención de responsabilidad, etc. Alban Berg ; traduction française de Isabelle et Hans Hildenbrand.
260 ## - PUBLICACIÓN, DISTRIBUCIÓN, ETC.
Lugar de publicación, distribución, etc. Paris :
Nombre del editor, distribuidor, etc. Théatre National de l'Opéra de Paris,
Fecha de publicación, distribución, etc. 1979.
300 ## - DESCRIPCIÓN FÍSICA
Extensión 269 p. ;
Dimensiones 23 cm.
490 1# - MENCIÓN DE SERIE
Mención de serie Musiques & musiciens
546 ## - NOTA DE IDIOMA
Nota de lengua/lenguaje Texto alemán y traducción en francés.
650 #4 - PUNTO DE ACCESO ADICIONAL DE MATERIA--TÉRMINO DE MATERIA
Término de materia o nombre geográfico como elemento de entrada Óperas-
Subdivisión de forma Libretos.
9 (RLIN) 137584
700 1# - ENTRADA AGREGADA--NOMBRE PERSONAL
Nombre de persona Hildenbrand, Isabelle.
9 (RLIN) 139443
700 1# - ENTRADA AGREGADA--NOMBRE PERSONAL
Nombre de persona Hildenbrand, Hans.
9 (RLIN) 139444
710 2# - ENTRADA AGREGADA--NOMBRE DE ENTIDAD CORPORATIVA
Nombre de entidad corporativa o nombre de jurisdicción como elemento de entrada Opéra national de Paris.
9 (RLIN) 15716
830 0# - PUNTO DE ACCESO ADICIONAL DE SERIE-TÍTULO UNIFORME
Título uniforme Musiques & musiciens
9 (RLIN) 188927
852 4# - LOCALIZACIÓN
Ubicación ES-MaACL
Número de control de estantería E-12455
itemnumber R.140591
Nota libre . - Biblioteca Jacinto Martínez Lacalle
Holdings
Estatus retirado Estado de pérdida Estado de daño No para préstamo Biblioteca de origen Biblioteca actual Ubicación en estantería Fecha de adquisición Fuente de adquisición Total de préstamos Signatura topográfica completa Código de barras Visto por última vez Precio de reemplazo Tipo de ítem Koha
        Biblioteca del Ateneo de Madrid Biblioteca del Ateneo de Madrid Depósito 2 13/02/2009     E-12455 1178714 23/02/2023 23/02/2023 Libro impreso